Rôles de Louis de Funès par film - Statistiques

Statistiques générales
  • Ce quiz a été pris 619 fois
  • Le résultat moyen est 10 sur 20
Statistiques - réponses
Hint Réponse % Correct
Le Gendarme de Saint-Tropez Ludovic Cruchot
84%
La Soupe aux choux Claude "Le Glaude" Ratinier
77%
Les Aventures de Rabbi Jacob Victor Pivert
73%
La Folie des grandeurs Don Salluste
71%
L'Aile ou la Cuisse Charles Duchemin
70%
L'Avare Harpagon
70%
Fantomas Paul Juve
65%
La Grande Vadrouille Stanislas Lefort
65%
Hibernatus Hubert Barrère de Tartas
56%
Le Corniaud Léopold Saroyan
55%
La traversé de Paris Jambier
53%
Le Petit Baigneur Louis-Philippe Fourchaume
39%
Jo Antoine Brisebard
36%
La Zizanie Guillaume Daubray-Lacaze
35%
L'Homme orchestre Evan Evans
34%
Oscar Bertrand Barnier
27%
Les Grandes Vacances Charles Bosquier
27%
Le Tatoué Félicien Mézeray
21%
Faites sauter la banque ! Victor Garnier
20%
Pouic-Pouic Léonard Monestier
18%
Aucun quiz correspondant
Distribution des résultats
% des personnes avec chaque résultat
Percentile par nombre de réponses
Votre historique - résultats
Vous n’avez pas pris ce quiz